000 02170cam a22003134a 4500
020 _a0821373900
020 _a9780821373910
040 _cDDC
082 _a332 THE 2008 A077 Or.
110 2 _aWorld Bank.
245 1 0 _aGlobal Development Finance 2008 (Complete Print Edition)
260 _aWashington, D.C. :
_bThe World Bank,
_c2008.
300 _a1 online resource (431 p.)
490 1 _aGlobal Development Finance
520 3 _aGlobal Development Finance-the World Bank's annual report on the external financing of developing countries-provides monitoring and analysis of development finance, identifying key emerging trends and policy challenges in international financial flows that are likely to affect the growth prospects of developing countries. As major financial institutions currently recognize losses from the U.S. subprime mortgage market crisis and rebuild their balance sheets through a more conservative approach to lending and risk management, the central theme of this year's report will be the market for international bank credit to developing countries.It is an indispensable resource for governments, economists, investors, financial consultants, academics, bankers, and the entire development community. Vol I: Analysis and Statistical Appendix reviews recent trends in financial flows to developing countries. Vol II. Summary and Country Tables* includes comprehensive data for 138 countries, as well as summary data for regions and income groups. Also available on CD-ROM, with more than 200 historical time series from 1970 to 2006, and country group estimates for 2007.
650 4 _aAccess to Finance.
650 4 _aBankruptcy and Resolution of Financial Distress.
650 4 _aBanks and Banking Reform.
650 4 _aDebt Markets.
650 4 _aEconomic Theory and Research.
650 4 _aExternal Debt.
650 4 _aFinance and Financial Sector Development.
650 4 _aInternational Economics & Trade.
650 4 _aMacroeconomics and Economic Growth.
650 4 _aStrategic Debt Management.
710 2 _aWorld Bank.
856 4 0 _uhttp://elibrary.worldbank.org/content/book/9780821373903
942 _cEK
999 _c15558
_d15558